000 00695cab a2200229 4500
001 ABS60147
008 090401t1999 xxu||||| |||| 00| 0 eng d
035 _a(Sirsi) u99763
041 _aeng
245 _aFight nerves over EMU
260 _c1999
350 _a0
490 _aEstates Gazette
_v(9909) 6 March 1999, 166-167(2)
520 _aA mainly for students article setting out the UK government's position on the single currency. Provides a list of the disadvantages and the benefits to joining.
650 _aECONOMIC DEVELOPMENT
650 _aEMU
650 _aGUIDANCE
650 _aSINGLE CURRENCY
690 _aEUROPE-SINGLE MARKET
942 _n0
948 _c09/03/1999
999 _c59996
_d59996